000 00562nam a22001937a 4500
003 OSt
005 20180116183033.0
008 151222b xxu||||| |||| 00| 0 eng d
020 _a02-553-97-1
024 _202-553-97-1
040 _cLahore LUMS
082 _a 174.4 LUM 1997
100 _aKhan BA, Naeem N
245 _aPRIVATIZATION OF UNITED BANK LIMITED
_cKhan BA, Naeem N
260 _aLahore LUMS
_b Lahore University of Management Sciences
_c1997
300 _a18 p.
_bPapers
440 _aPRIVATIZATION OF UNITED BANK LIMITED
942 _2ddc
_cCS
999 _c351080
_d351080